[Event "Iceland-ch 2020"]
[Site "Gardabaer"]
[Date "2020.08.23"]
[Round "2.5"]
[White "Thorfinnsson, Bragi"]
[Black "Jonsson, Gauti Pall"]
[Result "1-0"]
[WhiteElo "2427"]
[BlackElo "2046"]
[Annotator "TA"]
[PlyCount "53"]
[EventDate "2020.08.22"]
[EventCountry "ISL"]
[SourceTitle "playchess.com"]
[Source "ChessBase"]
[SourceQuality "1"]

{[%evp 12,53,25,10,106,93,145,163,186,147,200,193,193,192,194,188,194,191,190,188,210,197,195,191,256,257,257,243,261,221,216,208,378,402,379,354,349,357,356,356,339,319,423,386]} 1. e4 c5 2. Nc3 Nc6 3. Nf3 e6 4. d4 cxd4 5. Nxd4 Qc7 6. Be2 Nf6 7. O-O d6 {[#] 7...Be7 is a critical line. B47: Sicilian: Taimanov: 5 Nc3 Qc7 6 f4, 6 g3 and 6 Be2.} (7... a6 $11 {remains equal.}) 8. Ndb5 $1 $16 {[%cal Rb5c7] has lost popularity (8.Be3).} Qb8 {[#]} (8... Qd8 $142) 9. Bf4 $1 {[%cal Rb5d6]} Ne5 {[#] White is clearly better.} 10. Qd4 $146 ({Predecessor:} 10. Bg5 Ned7 11. f4 a6 12. Nd4 Be7 13. Kh1 h6 14. Bh4 Nc5 15. f5 e5 16. Bxf6 Bxf6 {1-0 (44) Penzold,A (2310)-Stanke,J (2335) Germany 1998}) 10... a6 (10... Be7 $16) 11. Rad1 $18 {aiming for Bxe5.} Bd7 12. Nxd6+ Bxd6 13. Qxd6 Qxd6 14. Rxd6 Ng6 15. Bg3 e5 16. Rfd1 O-O-O 17. Bc4 Rhf8 (17... Be6 $142) 18. f3 Ne8 19. R6d2 Nc7 20. Nd5 Nxd5 21. Bxd5 b5 $2 (21... Bc6 22. Bf2 Bxd5) 22. Bf2 Be6 23. Bb7+ Kc7 {...Rxd2 is the strong threat.} 24. Rxd8 ({Don't do} 24. Bxa6 Rxd2 25. Rxd2 Kc6 $18) 24... Rxd8 25. Rxd8 Kxd8 26. Bxa6 Bd7 27. Bb6+ {Black got outplayed after the opening. Accuracy: White = 85%, Black = 49%.} 1-0

[Event "Iceland-ch 2020"]
[Site "Gardabaer"]
[Date "2020.08.24"]
[Round "3.1"]
[White "Jonsson, Gauti Pall"]
[Black "Gretarsson, Hjorvar Steinn"]
[Result "1/2-1/2"]
[WhiteElo "2046"]
[BlackElo "2579"]
[Annotator "TA"]
[PlyCount "144"]
[EventDate "2020.08.22"]
[EventCountry "ISL"]
[SourceTitle "playchess.com"]
[Source "ChessBase"]
[SourceQuality "1"]

{[%evp 10,144,25,6,32,27,31,36,42,40,37,39,35,35,45,40,49,27,51,-2,67,9,56,55,84,35,38,27,26,25,27,24,35,39,27,27,31,27,47,53,127,35,49,0,0,0,41,29,31,7,9,0,0,0,0,0,8,5,7,8,11,14,9,8,2,0,0,2,2,0,12,0,0,0,14,0,0,0,0,-24,-14,-32,-30,-48,-39,-30,-30,-35,-37,-37,-8,-8,-8,-8,-8,-57,-43,-39,0,0,0,0,0,0,0,0,0,0,0,0,0,0,0,0,0,0,0,0,0,0,0,0,7,7,7,7,7,7,7,7,8,8,8,8,8,8,8]} 1. d4 Nf6 2. c4 e6 3. Nc3 Bb4 4. Qc2 d6 5. Nf3 Nbd7 6. Bd2 b6 {E32: Nimzo-Indian: Classical (4 Qc2): 4...0-0.} 7. e4 Bb7 8. Bd3 e5 {White is slightly better.} 9. O-O O-O 10. a3 Bxc3 11. Bxc3 Re8 12. Rfe1 a5 13. b3 {[#]} Qe7 $146 ({Predecessor:} 13... exd4 14. Nxd4 Nc5 15. f3 Nfd7 16. Bf1 Ne5 17. b4 axb4 18. axb4 Ncd7 19. Qd2 f6 {½-½ (48) Harsha,B (2301)-Kunte,A (2485) Kolkata 2015}) 14. Nd2 (14. d5 $14) 14... Nh5 (14... exd4 $11 15. Bxd4 Nc5) 15. g3 (15. d5 $14) 15... Nhf6 16. d5 h5 17. Nf1 Nc5 18. b4 axb4 19. axb4 Nxd3 20. Qxd3 Qd7 21. Ne3 h4 22. Nf5 ({But not} 22. gxh4 Qh3 $17) 22... hxg3 23. Qxg3 {[%csl Gf5][%cal Rg3g7] [#]} g6 24. Rxa8 Bxa8 (24... Rxa8 $14 25. f4 Nh5) 25. Qg5 (25. Bd2 $16) 25... Nh7 $1 $14 {[%cal Rh7g5]} 26. Nh6+ Kg7 27. Qh4 Bb7 28. Ng4 {Qxh7+ is the strong threat.} Bc8 $1 29. Qh6+ Kg8 $132 {[%mdl 2048] Black is fighting back} 30. Qxh7+ {[%mdl 64] [#] Remove Defender, Decoy} Kxh7 31. Nf6+ {[%mdl 64] Double Attack} Kh6 32. Bd2+ Kg7 33. Nxd7 Bxd7 $11 {[%mdl 4096] Endgame KRB-KRB} 34. Ra1 Bg4 35. Kg2 Be2 36. Ra7 Bxc4 37. Rxc7 Bd3 38. f3 {next Bg5 is good for White.} Ra8 $1 {[%cal Ra8a2] Hoping for ...Ra2.} 39. Rc3 (39. Bg5 {keeps more tension.} Ra2+ 40. Kg3 Ra3 41. Kf2 Ra2+ 42. Ke3) 39... Be2 40. Kf2 Bb5 41. Rc2 Ra4 42. Rb2 f5 43. Be3 Ra6 44. exf5 gxf5 {Black wants to play ...f4.} 45. f4 Kf6 46. Kg1 Bc4 47. b5 Ra1+ 48. Kf2 Rf1+ 49. Kg2 exf4 50. Bxb6 Ke5 51. h4 Rc1 52. Bg1 Bxd5+ 53. Kf2 Rc7 54. b6 {The position is equal.} Rg7 {Threatens to win with ...Rg2+.} 55. Rb4 Bb7 56. Kf1 {Black must now prevent Bd4+.} Ba6+ 57. Kf2 d5 58. h5 Bb7 59. Kf1 {Strongly threatening Bd4+.} Rh7 60. Bd4+ Kd6 61. Bf2 Rxh5 62. Rxf4 Ba6+ 63. Ke1 Rh1+ 64. Kd2 Ke6 65. Ra4 Bb7 66. Ra7 Rh2 67. Ke1 Rh7 68. Bg3 Re7 69. Kd2 d4 70. Bc7 Be4 71. b7 Bxb7 $1 72. Rxb7 Kd5 {Accuracy: White = 86%, Black = 86%.} 1/2-1/2

[Event "Iceland-ch 2020"]
[Site "Gardabaer"]
[Date "2020.08.24"]
[Round "3.2"]
[White "Thorfinnsson, Bjorn"]
[Black "Thorfinnsson, Bragi"]
[Result "1/2-1/2"]
[WhiteElo "2387"]
[BlackElo "2427"]
[Annotator "ChessBase"]
[PlyCount "48"]
[EventDate "2020.08.22"]
[EventCountry "ISL"]
[SourceTitle "playchess.com"]
[Source "ChessBase"]
[SourceQuality "1"]
[TimeControl "30/5400+30:900+30"]

1. d4 {[%emt 0:04:20]} d5 {[%emt 0:00:10]} 2. c4 {[%emt 0:00:13]} e6 {[%emt 0:00:29]} 3. Nc3 {[%emt 0:01:01]} c6 {[%emt 0:03:01]} 4. e3 {[%emt 0:04:07]} Nd7 {[%emt 0:09:51]} 5. Qc2 {[%emt 0:04:38]} Ngf6 {[%emt 0:02:48]} 6. Nf3 {[%emt 0:01:21]} a5 {[%emt 0:01:32]} 7. Bd2 {[%emt 0:02:48]} Bb4 {[%emt 0:09:45]} 8. Bd3 {[%emt 0:01:05]} dxc4 {[%emt 0:07:47]} 9. Bxc4 {[%emt 0:00:08]} b5 {[%emt 0:00:36]} 10. Bd3 {[%emt 0:00:27]} Bb7 {[%emt 0:06:35]} 11. a4 {[%emt 0:04:16]} bxa4 {[%emt 0:02:25]} 12. Nxa4 {[%emt 0:00:23]} O-O {[%emt 0:00:52]} 13. O-O {[%emt 0:00:53]} c5 {[%emt 0:03:19]} 14. Nxc5 {[%emt 0:06:37]} Bxc5 {[%emt 0:01:03]} 15. dxc5 {[%emt 0:00:24]} Nxc5 {[%emt 0:01:54]} 16. Qxc5 {[%emt 0:12:38]} Qxd3 {[%emt 0:03:47]} 17. Bxa5 {[%emt 0:02:09]} Bxf3 {[%emt 0:04:51]} 18. gxf3 {[%emt 0:00:06]} Qe2 {[%emt 0:00:54]} 19. Bc3 {[%emt 0:02:55]} Ne4 {[%emt 0:06:40]} 20. fxe4 {[%emt 0:01:21]} Qg4+ {[%emt 0:00:09]} 21. Kh1 {[%emt 0:00:04]} Qf3+ {[%emt 0:00:10]} 22. Kg1 {[%emt 0:00:03]} Qg4+ {[%emt 0:00:07]} 23. Kh1 {[%emt 0:00:05]} Qf3+ {[%emt 0:00:10]} 24. Kg1 {[%emt 0:00:04]} Qg4+ {[%emt 0:00:08]} 1/2-1/2

[Event "Iceland-ch 2020"]
[Site "Gardabaer"]
[Date "2020.08.24"]
[Round "3.3"]
[White "Ragnarsson, Dagur"]
[Black "Gretarsson, Helgi Ass"]
[Result "1/2-1/2"]
[WhiteElo "2396"]
[BlackElo "2401"]
[Annotator "TA"]
[PlyCount "117"]
[EventDate "2020.08.22"]
[EventCountry "ISL"]
[SourceTitle "playchess.com"]
[Source "ChessBase"]
[SourceQuality "1"]

{[%evp 11,117,24,36,31,54,-5,47,0,0,0,0,0,0,0,0,0,14,16,26,19,19,16,43,29,45,47,122,118,110,114,104,93,105,95,102,95,81,101,94,56,118,118,109,116,125,113,119,87,88,97,111,106,105,68,68,42,46,50,60,50,60,60,74,71,71,71,71,39,39,39,42,39,39,35,35,31,33,30,31,20,21,8,17,17,20,20,17,0,0,0,0,0,0,0,0,-27,-8,-8,-8,-8,0,0,0,0,0,0,0,0]} 1. d4 g6 2. c4 Bg7 3. Nf3 d6 4. g3 Nd7 5. Bg2 e5 6. Nc3 Ne7 {6...exd4 is not played anymore.} 7. h4 {A41: 1 d4 d6: Tartakower System and Modern Defence.} h6 8. e4 {[#]} (8. dxe5 $14 dxe5 9. O-O) 8... O-O $146 ({Black should try} 8... exd4 $11 9. Nxd4 O-O) ({Predecessor:} 8... exd4 9. Nxd4 Ne5 10. O-O O-O 11. Qe2 N7c6 12. Nc2 Bg4 13. f3 Be6 14. Nd5 Na5 {1-0 (42) Krejci,J (2588)-Jasny,S (2347) Ostrava 2019}) 9. Be3 {White is slightly better.} exd4 10. Bxd4 Nf6 11. Qd2 Nc6 12. Be3 Ng4 13. Bf4 Be6 14. b3 a6 15. Rc1 Qd7 16. O-O b6 17. Nh2 Nxh2 18. Kxh2 Ne5 {[#]} (18... Kh7 $14) 19. Bxe5 $1 $16 dxe5 20. Qxd7 Bxd7 21. Nd5 Ra7 22. c5 Rb8 23. Rfd1 Kf8 24. cxb6 cxb6 25. Rc7 Rbb7 (25... Rxc7 $14 26. Nxc7 {[%mdl 64] Discovered Attack} Bb5) 26. Rxb7 Rxb7 {[#]} 27. Nxb6 $1 {[%mdl 512]} Be6 (27... Rxb6 28. Rxd7) 28. Nd5 Rd7 29. Ne3 Rxd1 30. Nxd1 {[%mdl 4096] Endgame KBB-KBN} a5 31. Bh3 f5 32. Ne3 {[%cal Re4f5]} f4 33. Nd1 Bf7 34. Nb2 h5 35. Bf1 Ke7 36. Bc4 {Black must now prevent Bxf7.} fxg3+ 37. fxg3 Be8 38. Bd5 Bb5 39. Kg2 Bh6 40. Bc4 Bd7 41. Nd3 Kf6 42. Nc5 Bg4 43. Kf2 Bd2 44. Nd3 Bc3 45. a3 Bd4+ 46. Ke1 Bc3+ 47. Kf1 Bf3 48. Bd5 Bd1 49. b4 axb4 50. axb4 Bc2 51. Nc5 Bxb4 52. Nd7+ Kg7 53. Ke2 Bc3 54. Nc5 {The position is equal.} Kf6 55. Bb3 Bd4 56. Nd7+ Ke7 57. Bxc2 {Nb8 is the strong threat.} Kxd7 58. Bb3 Ke7 59. Bd5 {Accuracy: White = 86%, Black = 90%.} 1/2-1/2

[Event "Iceland-ch 2020"]
[Site "Gardabaer"]
[Date "2020.08.24"]
[Round "3.4"]
[White "Kjartansson, Gudmundur"]
[Black "Petursson, Margeir"]
[Result "1-0"]
[WhiteElo "2466"]
[BlackElo "2475"]
[Annotator "ChessBase"]
[PlyCount "93"]
[EventDate "2020.08.22"]
[EventCountry "ISL"]
[SourceTitle "playchess.com"]
[Source "ChessBase"]
[SourceQuality "1"]
[TimeControl "30/5400+30:900+30"]

1. d4 {[%emt 0:00:00]} Nf6 {[%emt 0:00:00]} 2. c4 {[%emt 0:00:00]} e6 {[%emt 0:00:00]} 3. Nf3 {[%emt 0:00:00]} Bb4+ {[%emt 0:00:14]} 4. Nbd2 {[%emt 0:00:11]} O-O {[%emt 0:00:25]} 5. a3 {[%emt 0:00:09]} Be7 {[%emt 0:00:15]} 6. e4 {[%emt 0:00:18]} d6 {[%emt 0:00:13]} 7. Be2 {[%emt 0:00:56]} Nfd7 {[%emt 0:02:22]} 8. O-O {[%emt 0:05:54]} e5 {[%emt 0:00:11]} 9. Nb1 {[%emt 0:03:51]} a5 {[%emt 0:06:51]} 10. Nc3 {[%emt 0:03:05]} exd4 {[%emt 0:02:20]} 11. Nxd4 {[%emt 0:00:10]} Nc5 {[%emt 0:00:34]} 12. Be3 {[%emt 0:03:39]} a4 {[%emt 0:14:20]} 13. Qc2 {[%emt 0:01:12]} Re8 {[%emt 0:07:57]} 14. Rad1 {[%emt 0:01:02]} Bd7 {[%emt 0:08:12]} 15. Ndb5 {[%emt 0:05:03]} Nba6 {[%emt 0:07:00]} 16. Nxa4 {[%emt 0:11:15]} Nxa4 {[%emt 0:01:21]} 17. Qxa4 {[%emt 0:01:20]} Bg5 {[%emt 0:00:36]} 18. Bxg5 {[%emt 0:08:46]} Qxg5 {[%emt 0:00:08]} 19. Qc2 {[%emt 0:00:59]} Bxb5 {[%emt 0:05:42]} 20. cxb5 {[%emt 0:02:04]} Nc5 {[%emt 0:00:49]} 21. f3 {[%emt 0:06:37]} Qe3+ {[%emt 0:04:03]} 22. Kh1 {[%emt 0:07:31]} Re5 {[%emt 0:11:57]} 23. Bc4 {[%emt 0:03:53]} Re7 {[%emt 0:06:31]} 24. Qd2 {[%emt 0:05:12]} Qxd2 {[%emt 0:01:12]} 25. Rxd2 {[%emt 0:00:02]} b6 {[%emt 0:00:33]} 26. Rc1 {[%emt 0:01:45]} Kf8 {[%emt 0:03:21]} 27. g3 {[%emt 0:08:36]} Ra7 {[%emt 0:04:06]} 28. Bd5 {[%emt 0:02:18]} g6 {[%emt 0:01:06]} 29. Kg2 {[%emt 0:02:22]} f5 {[%emt 0:00:55]} 30. b4 {[%emt 0:02:09]} Nd7 {[%emt 0:02:45]} 31. exf5 {[%emt 0:16:00]} gxf5 {[%emt 0:15:08]} 32. Rc3 {[%emt 0:01:15]} Nf6 {[%emt 0:01:01]} 33. Bc6 {[%emt 0:00:31]} Re1 {[%emt 0:00:18]} 34. Kh3 {[%emt 0:04:35]} Ra1 {[%emt 0:02:54]} 35. Rdd3 {[%emt 0:00:22]} Ra2 {[%emt 0:02:55]} 36. g4 {[%emt 0:01:18]} fxg4+ {[%emt 0:02:18]} 37. fxg4 {[%emt 0:00:07]} d5 {[%emt 0:01:18]} 38. Rf3 {[%emt 0:04:31]} Kg7 {[%emt 0:00:36]} 39. Rce3 {[%emt 0:01:00]} Ne4 {[%emt 0:01:21]} 40. Bxd5 {[%emt 0:00:00]} Ng5+ {[%emt 0:00:00]} 41. Kg3 {[%emt 0:00:00]} Ra1 {[%emt 0:00:00]} 42. Rf5 {[%emt 0:00:00]} h6 {[%emt 0:00:00]} 43. Re7+ {[%emt 0:00:00]} Kg6 {[%emt 0:00:00]} 44. Bf7+ {[%emt 0:00:00]} Kg7 {[%emt 0:00:00]} 45. Bb3+ {[%emt 0:00:00]} Kg6 {[%emt 0:00:00]} 46. Bc2 {[%emt 0:00:00]} Ra2 {[%emt 0:00:00]} 47. h4 {[%emt 0:00:00]} 1-0

[Event "Iceland-ch 2020"]
[Site "Gardabaer"]
[Date "2020.08.24"]
[Round "3.5"]
[White "Stefansson, Vignir Vatnar"]
[Black "Thorhallsson, Throstur"]
[Result "1-0"]
[WhiteElo "2301"]
[BlackElo "2430"]
[Annotator "TA"]
[PlyCount "155"]
[EventDate "2020.08.22"]
[EventCountry "ISL"]
[SourceTitle "playchess.com"]
[Source "ChessBase"]
[SourceQuality "1"]

{[%evp 17,155,20,21,22,37,9,48,39,58,57,57,43,60,57,56,52,60,35,49,29,127,127,120,129,114,129,125,138,214,197,316,299,373,366,361,343,350,352,352,351,299,110,107,107,115,116,112,100,118,102,93,88,104,77,87,65,66,73,140,120,133,70,75,75,76,72,192,173,268,71,68,74,60,36,76,33,210,205,198,196,529,516,504,368,369,370,359,254,255,254,1314,1318,1318,1312,1214,498,1170,399,498,498,495,485,478,485,475,474,460,446,569,554,667,641,732,718,637,620,862,843,848,920,935,720,1820,1732,1759,1759,1804,1771,1998,1527,2905,2070,29984,29985,29985,29986,29986,29987,29988,29989]} 1. c4 e6 2. Nf3 d5 3. e3 Nf6 4. b3 Be7 5. Bb2 O-O 6. Nc3 c5 7. cxd5 Nxd5 8. Nxd5 Qxd5 9. Bc4 Qd8 10. O-O {A13: English Opening: 1...e6.} Nc6 11. d4 b6 12. Qc2 {White is slightly better.} Bb7 13. dxc5 bxc5 14. Qe4 Qc7 15. Qg4 {[%csl Gb2][%cal Rg4g7]} g6 {[#]} 16. Qh3 $146 ({Predecessor:} 16. Ng5 Ne5 17. Qf4 Bxg5 18. Qxg5 Nxc4 19. bxc4 e5 20. Bxe5 Qc6 21. Bc3 f6 22. Qg3 {1-0 (31) Harsha,B (2489)-Georgescu,L (2252) Barcelona 2019}) 16... Rfe8 17. Rad1 Rad8 18. Rc1 $40 {[%mdl 128] White attacks.} Bc8 (18... Nb4 $1 $11) 19. Qh6 $16 {[%csl Gb2][%cal Rh6g7]} Bf8 20. Qh4 Bg7 21. Bxg7 Kxg7 22. Bb5 Rd5 (22... Qb6 $16 {might work better.}) 23. Ng5 $18 (23. Bxc6 $6 Qxc6 24. e4 Rh5 $16) 23... h6 (23... h5 $142 24. e4 Rdd8 25. Rxc5 Qb6) 24. Ne4 g5 25. Qg3 Qb6 26. Nc3 (26. Bxc6 Qxc6 27. f4 Rf5 $18) 26... Rf5 27. Bd3 Ba6 28. Na4 Qa5 29. e4 $2 (29. Bxf5 $18 Bxf1 30. Be4 (30. Rxf1 exf5 31. h4 Qd8 $14)) 29... Bxd3 $16 30. Qxd3 Rd8 31. Qg3 Nd4 {aiming for ...Ne2+.} 32. Qe3 Re5 33. f4 gxf4 34. Rxf4 Rg5 35. h4 Rg6 36. Rxc5 Qa6 $1 37. Kh2 {And now h5 would win.} Qd6 (37... e5 $142 38. Rxe5 Ne6) 38. e5 Qd7 39. Qf2 ({Better is} 39. g4 $16) 39... h5 $14 40. Nc3 Nf5 41. Ne4 Qd1 (41... Qd4 $16) 42. Rc7 $18 Qd5 (42... Rd7 $142 43. Rxd7 (43. Rxa7 Rxa7 44. Qxa7 Qc1 $16) 43... Qxd7) 43. Qc5 $2 (43. Rxa7 Qxe5 44. Ng5 Rf6 $14) (43. Qxa7 $18 {is more deadly.} Rf8 44. Qc5) 43... Qxc5 $16 44. Nxc5 Nh6 45. Nd7 a6 46. Kh3 Kh8 $2 {This move loses the game for Black.} (46... Nf5 $14) 47. Nf6 $18 Rd3+ {[#]} 48. Rf3 $1 Rd1 $2 (48... Rxf3+ 49. gxf3 Rg1 50. Rc8+ (50. Nxh5 Re1 $18) 50... Kg7) 49. Rc8+ Ng8 {[%cal Rd1h1]} 50. g3 Rh1+ 51. Kg2 Re1 52. Rd3 {Rdd8! would kill now.} Rxe5 {[#]} 53. Rdd8 $1 {[%cal Rd8g8]} Rxf6 $2 (53... Kg7 54. Nd7 (54. Nxg8 Re3 $16) (54. Rxg8+ Kxf6 55. Rxg6+ Kxg6 $11) 54... Re2+ 55. Kf3 Ne7) 54. Rxg8+ {[%mdl 4096] Endgame KRR-KRR} Kh7 55. Rh8+ Kg6 56. Rcg8+ Kf5 57. Rxh5+ (57. Kf3 $142 {[%cal Rh8h5]} Re3+ 58. Kxe3) 57... Ke4 58. Rg4+ Kd5 59. Rxe5+ Kxe5 {KR-KR} 60. Ra4 Rg6 61. Rxa6 f5 62. Kf3 Rg8 63. b4 {[%cal Bb3b4,Bb4b5,Bb5b6][%mdl 32]} Rc8 64. b5 Rc3+ 65. Kg2 Rc2+ 66. Kh3 Rb2 67. a4 {[%cal Ba2a4,Ba4a5][%mdl 32]} Rb3 68. b6 Ke4 69. a5 f4 70. Ra8 Rxg3+ 71. Kh2 Rb3 72. h5 Rb5 73. h6 Rh5+ 74. Kg1 f3 75. b7 {White mates.} Ke3 76. Rf8 Rg5+ 77. Kh2 Kf2 78. Kh3 {Accuracy: White = 77%, Black = 53%.} 1-0

[Event "Iceland-ch 2020"]
[Site "Gardabaer"]
[Date "2020.08.25"]
[Round "4.1"]
[White "Gretarsson, Hjorvar Steinn"]
[Black "Thorhallsson, Throstur"]
[Result "1-0"]
[WhiteElo "2579"]
[BlackElo "2430"]
[Annotator "ChessBase"]
[PlyCount "91"]
[EventDate "2020.08.22"]
[EventCountry "ISL"]
[SourceTitle "playchess.com"]
[Source "ChessBase"]
[SourceQuality "1"]
[TimeControl "30/5400+30:900+30"]

1. c4 {[%emt 0:00:00]} e6 {[%emt 0:00:54]} 2. Nc3 {[%emt 0:00:00]} d5 {[%emt 0:00:12]} 3. d4 {[%emt 0:00:00]} Nf6 {[%emt 0:00:12]} 4. cxd5 {[%emt 0:00:00]} exd5 {[%emt 0:00:46]} 5. Bg5 {[%emt 0:00:00]} c6 {[%emt 0:00:28]} 6. e3 {[%emt 0:00:08]} Be7 {[%emt 0:00:19]} 7. Bd3 {[%emt 0:00:09]} Nbd7 {[%emt 0:01:38]} 8. Qc2 {[%emt 0:00:12]} g6 {[%emt 0:01:16]} 9. Nf3 {[%emt 0:04:01]} Nh5 {[%emt 0:01:34]} 10. h4 {[%emt 0:05:14]} Nf8 {[%emt 0:14:43]} 11. O-O-O {[%emt 0:04:02]} Bg4 {[%emt 0:09:03]} 12. Qb3 {[%emt 0:07:52]} Qb6 {[%emt 0:10:50]} 13. Qa4 {[%emt 0:02:25]} Qb4 {[%emt 0:12:22]} 14. Qc2 {[%emt 0:01:16]} Bxf3 {[%emt 0:01:44]} 15. gxf3 {[%emt 0:01:17]} Ne6 {[%emt 0:00:52]} 16. f4 {[%emt 0:06:30]} f6 {[%emt 0:07:55]} 17. Bh6 {[%emt 0:04:07]} f5 {[%emt 0:03:49]} 18. Be2 {[%emt 0:27:36]} Nf6 {[%emt 0:00:27]} 19. Bg5 {[%emt 0:01:41]} O-O-O {[%emt 0:05:46]} 20. Rhg1 {[%emt 0:05:58]} Kb8 {[%emt 0:02:10]} 21. Kb1 {[%emt 0:00:42]} Rhg8 {[%emt 0:01:05]} 22. Bf3 {[%emt 0:01:33]} a6 {[%emt 0:00:52]} 23. Rd3 {[%emt 0:03:31]} Rc8 {[%emt 0:03:02]} 24. Rc1 {[%emt 0:01:44]} Nd7 {[%emt 0:04:09]} 25. Ne2 {[%emt 0:08:12]} Bd6 {[%emt 0:01:48]} 26. Rb3 {[%emt 0:02:05]} Qa5 {[%emt 0:00:06]} 27. Nc3 {[%emt 0:01:20]} Ka7 {[%emt 0:02:01]} 28. Qd2 {[%emt 0:01:39]} Kb8 {[%emt 0:01:15]} 29. Qd3 {[%emt 0:04:00]} Rc7 {[%emt 0:01:03]} 30. a3 {[%emt 0:01:00]} Rgc8 {[%emt 0:05:14]} 31. Qc2 {[%emt 0:16:22]} Ka7 {[%emt 0:17:23]} 32. Qd2 {[%emt 0:01:09]} Ka8 {[%emt 0:00:44]} 33. Rc2 {[%emt 0:00:51]} Kb8 {[%emt 0:02:34]} 34. Qc1 {[%emt 0:00:05]} Ka7 {[%emt 0:00:36]} 35. Bh6 {[%emt 0:03:01]} b5 {[%emt 0:01:33]} 36. Qd2 {[%emt 0:01:17]} Rb8 {[%emt 0:01:09]} 37. Bg5 {[%emt 0:01:33]} Rcc8 {[%emt 0:00:45]} 38. Bxd5 {[%emt 0:00:48]} cxd5 {[%emt 0:00:42]} 39. Nxb5+ {[%emt 0:00:05]} Rxb5 {[%emt 0:00:37]} 40. Qxa5 {[%emt 0:00:00]} Rxa5 {[%emt 0:00:00]} 41. Rxc8 {[%emt 0:00:00]} Nef8 {[%emt 0:00:00]} 42. Bh6 {[%emt 0:00:00]} Rb5 {[%emt 0:00:00]} 43. Rxb5 {[%emt 0:00:00]} axb5 {[%emt 0:00:00]} 44. Bxf8 {[%emt 0:00:00]} Nxf8 {[%emt 0:00:00]} 45. Rc6 {[%emt 0:00:00]} Bb8 {[%emt 0:00:00]} 46. Rf6 {[%emt 0:00:00]} 1-0

[Event "Iceland-ch 2020"]
[Site "Gardabaer"]
[Date "2020.08.25"]
[Round "4.2"]
[White "Petursson, Margeir"]
[Black "Stefansson, Vignir Vatnar"]
[Result "0-1"]
[WhiteElo "2475"]
[BlackElo "2301"]
[Annotator "TA"]
[PlyCount "98"]
[EventDate "2020.08.22"]
[EventCountry "ISL"]
[SourceTitle "playchess.com"]
[Source "ChessBase"]
[SourceQuality "1"]

{[%evp 9,98,44,52,49,42,0,38,3,60,54,52,57,65,36,38,0,0,-43,-45,-59,-59,-59,-59,-59,0,-75,-78,-72,-6,-34,-31,-54,-19,-43,-44,-71,-33,-80,-71,-73,0,-34,-34,-34,0,0,0,0,0,0,0,0,0,0,0,0,0,-18,-12,-25,-18,-42,-57,-39,-43,-202,-183,-237,-265,-681,-692,-764,-764,-1457,-1346,-1157,-1090,-967,-854,-876,-816,-29979,-29980,-29981,-29982,-29981,-29975,-29987,-29988,-29988,-29989]} 1. c4 e5 2. g3 h5 3. Nf3 e4 4. Nh4 Be7 5. Nc3 Bxh4 6. gxh4 {A20: English Opening: 1...e5.} Qxh4 {[#]} 7. d3 $146 ({Predecessor:} 7. d4 Nf6 8. Rg1 d6 9. Qd2 Bh3 10. Qg5 Qxg5 11. Bxg5 Bxf1 12. Bxf6 gxf6 13. Kxf1 {½-½ (60) Gourlay,I (2358)-Edouard,R (2636) Daventry 2018}) 7... Nf6 8. Bg2 {[%cal Rc3e4] White is slightly better.} Nc6 (8... exd3 $11 9. Qxd3 Nc6) 9. Nxe4 $14 Nxe4 10. Bxe4 d6 11. Be3 Ne5 12. h3 f5 $1 {[%cal Rf5e4]} 13. Qc1 {Hoping for Bg5.} Qe7 $1 ({But not} 13... fxe4 $2 14. Bg5 $18) 14. Bg5 Qe6 15. Bd5 Nxd3+ $1 {[%mdl 64] Double Attack} 16. Kd2 Qg6 (16... Nxc1 $15 17. Bxe6 Bxe6 18. Raxc1 Kf7) 17. exd3 (17. Kxd3 $11 {remains equal.} f4+ 18. Be4 Qxg5 19. h4) 17... Qxg5+ $17 18. Kc2 Qf6 ({Better is} 18... Qxc1+ $17 19. Raxc1 Ke7) 19. h4 c6 20. Bf3 f4 21. Qe1+ Kf7 22. Qa5 Bf5 (22... Bg4 $5 {[%cal Rg4f3]} 23. Qc7+ Kg6 24. Bxg4 hxg4 $11) 23. Rae1 Rhe8 $1 24. Rxe8 Kxe8 ({Black should try} 24... Rxe8 $17 25. Qxa7 Re7) 25. Qc3 (25. Bxh5+ {is interesting.} g6 26. Rg1 Kf8 27. Rg5 b6 28. Qc3) 25... Qxc3+ 26. bxc3 $15 {[%mdl 4096] Endgame KRB-KRB} g6 27. Rb1 Bc8 28. Rg1 Kf7 29. Be4 $1 Bg4 30. f3 Bf5 31. Bxf5 gxf5 $11 {KR-KR} 32. Rg5 Kf6 33. Rxh5 Rg8 34. d4 Rg2+ 35. Kd3 Kg6 36. Rh8 Rf2 37. Rd8 $2 {White does not recover from this.} (37. Rg8+ $15 Kf7 38. Rb8) 37... Rxf3+ $19 38. Kd2 (38. Ke2 {might work better.} Rxc3 39. Rxd6+ Kh5 40. Rd7) 38... Rf2+ 39. Kd3 $2 (39. Ke1 Rxa2 40. Rxd6+ Kh5 41. Rf6) 39... Rxa2 40. Rxd6+ Kh5 41. Rd7 f3 {( -> ...f2)} 42. Rxb7 f2 43. Rb1 Kxh4 44. d5 c5 {aiming for ...Kg3.} 45. d6 {[#]} Ra6 $1 {[%cal Ra6d6] Black mates.} 46. Ke2 {[#]} Kg3 $1 {[%cal Rg3g2]} 47. Rd1 Kg2 48. d7 Re6+ 49. Kd2 Rd6+ {[%mdl 64] Double Attack. Accuracy: White = 48%, Black = 82%.} 0-1

[Event "Iceland-ch 2020"]
[Site "Gardabaer"]
[Date "2020.08.25"]
[Round "4.3"]
[White "Gretarsson, Helgi Ass"]
[Black "Kjartansson, Gudmundur"]
[Result "1-0"]
[WhiteElo "2401"]
[BlackElo "2466"]
[Annotator "TA"]
[PlyCount "63"]
[EventDate "2020.08.22"]
[EventCountry "ISL"]
[SourceTitle "playchess.com"]
[Source "ChessBase"]
[SourceQuality "1"]

{[%evp 20,63,0,0,9,6,0,-3,9,1,0,-50,-13,-8,-17,-8,0,0,5,0,39,0,0,0,0,0,0,0,19,0,7,8,86,88,659,622,940,988,1537,1454,2313,2286,29995,29996,29996,29997]} 1. d4 d5 2. c4 e6 3. Nc3 c6 4. e3 Nf6 5. Nf3 Nbd7 6. Qc2 Bd6 7. b3 O-O 8. Be2 b6 9. Bb2 Bb7 10. O-O Qe7 11. Rad1 Rfd8 {D45: Semi-Slav: 5 e3.} 12. Rfe1 Bb4 13. Bd3 h6 {[#] The position is equal.} 14. Rf1 $146 ({Predecessor:} 14. Re2 Rac8 15. e4 dxc4 16. Bxc4 b5 17. Bd3 c5 18. Bxb5 cxd4 19. Rxd4 Bxc3 20. Bxc3 {½-½ (53) Esipenko,A (2564)-Dreev,A (2653) Riadh 2017}) 14... Rac8 15. Ne2 Bd6 16. Ng3 c5 17. Qe2 g6 18. Ne5 cxd4 19. exd4 dxc4 20. bxc4 Bxe5 21. dxe5 Ne8 22. Qg4 Ng7 23. Qf4 h5 24. h4 Nc5 25. Bc2 Bc6 (25... Rxd1 $11 26. Rxd1 Rd8) 26. Rd6 $16 Nf5 $2 {[%mdl 8192] This move loses the game for Black.} (26... Rd7 $16) 27. Bxf5 $18 {[%mdl 64] Remove Defender} ({Less strong is} 27. Nxf5 gxf5 28. Bxf5 Rd7 $18) 27... exf5 {[#]} 28. Nxf5 $1 {[%mdl 512]} gxf5 {[#]} 29. Rh6 $1 {Intending Qg3+ and mate.} Rd3 30. Qxf5 {Threatening mate with Qh7+.} Qe6 31. Qg5+ Qg6 32. e6 {Accuracy: White = 90%, Black = 41%.} 1-0